Consultation on EC environmental liability proposal (Record no. 69995)
[ view plain ]
| 000 -LEADER | |
|---|---|
| fixed length control field | 00938cam a2200217 4500 |
| 001 - CONTROL NUMBER | |
| control field | WB3814-09 |
| 008 - FIXED-LENGTH DATA ELEMENTS--GENERAL INFORMATION | |
| fixed length control field | 020417n2002 000 0 eng u |
| 035 ## - SYSTEM CONTROL NUMBER | |
| System control number | (Sirsi) u117534 |
| 245 ## - TITLE STATEMENT | |
| Title | Consultation on EC environmental liability proposal |
| 260 ## - PUBLICATION, DISTRIBUTION, ETC. | |
| Date of publication, distribution, etc. | 2002 |
| 490 ## - SERIES STATEMENT | |
| Series statement | DEFRA News Release |
| Volume/sequential designation | (142/02) 12 April 2002, (2) |
| 520 ## - SUMMARY, ETC. | |
| Summary, etc. | DEFRA launches public consultation on European Commission's proposal for an EU Directive on Environmental Liability. The aim is to make sure the polluter pays for the prevention and remediation of environmental damage. For news release: http://www.defra.gov.uk/news/2002/020412d.htm. Additional information: http://www.defra.gov.uk/environmentliability/index.htm |
| 590 ## - LOCAL NOTE (RLIN) | |
| Local note | WB |
| 650 ## - SUBJECT ADDED ENTRY--TOPICAL TERM | |
| Topical term or geographic name entry element | ENVIRONMENTAL LIABILITY |
| 650 ## - SUBJECT ADDED ENTRY--TOPICAL TERM | |
| Topical term or geographic name entry element | EU DIRECTIVE |
| 650 ## - SUBJECT ADDED ENTRY--TOPICAL TERM | |
| Topical term or geographic name entry element | POLLUTION |
| 650 ## - SUBJECT ADDED ENTRY--TOPICAL TERM | |
| Topical term or geographic name entry element | ENVIRONMENTAL DAMAGE |
| 650 ## - SUBJECT ADDED ENTRY--TOPICAL TERM | |
| Topical term or geographic name entry element | BIODIVERSITY |
| 690 ## - LOCAL SUBJECT ADDED ENTRY--TOPICAL TERM (OCLC, RLIN) | |
| Topical term or geographic name as entry element | ENVIRONMENT-ENVIRONMENTAL LAW |
| 942 ## - ADDED ENTRY ELEMENTS (KOHA) | |
| Suppress in OPAC | 0 |
| Withdrawn status | Lost status | Source of classification or shelving scheme | Damaged status | Not for loan | Home library | Current library | Shelving location | Date acquired | Total Checkouts | Full call number | Barcode | Date last seen | Copy number | Price effective from | Koha item type |
|---|---|---|---|---|---|---|---|---|---|---|---|---|---|---|---|
| Dewey Decimal Classification | London | London | News article | 17/04/2002 | WB3814-09 | 117534-1001 | 06/08/2019 | 1 | 06/08/2019 | News article |